[Event "Vecindario rapid op 2nd"]
[Site "Vecindario"]
[Date "2024.11.02"]
[Round "8"]
[White "Barrera Martin, Nayra Maria"]
[Black "Garcia Rodriguez, Adriana"]
[Result "0-1"]
[WhiteElo "1677"]
[BlackElo "1854"]
[PlyCount "102"]
[EventDate "2024.11.01"]
[EventType "swiss"]
[EventRounds "9"]
[EventCountry "ESP"]
[SourceTitle "CB45_2024"]
[Source "ChessBase"]
[SourceDate "2024.11.06"]
[SourceVersion "1"]
[SourceVersionDate "2024.11.06"]
[SourceQuality "1"]

1. e4 e6 2. d4 d5 3. Bd3 dxe4 4. Bxe4 Nf6 5. Bf3 c5 6. Ne2 Nc6 7. dxc5 Qxd1+ 8. Kxd1 Bxc5 9. Ke1 Ne5 10. Nd2 Nxf3+ 11. Nxf3 Ng4 12. Rf1 Bd7 13. h3 Nf6 14. Nc3 Bc6 15. Ke2 Bb4 16. Rd1 Bxc3 17. bxc3 Bb5+ 18. Ke1 Ne4 19. Bb2 Rc8 20. a4 Ba6 21. Rd4 Nxc3 22. Ra3 Nd5 23. Kd2 0-0 24. Rg4 f6 25. Nd4 Rfe8 26. Rag3 Rc7 27. Nb5 Bxb5 28. axb5 Rd8 29. Kc1 Rdc8 30. Kd1 h5 31. Re4 Rxc2 32. Bd4 Nc3+ 33. Bxc3 R2xc3 34. Rxc3 Rxc3 35. Rxe6 Kf7 36. Rd6 Ke7 37. Rd5 g6 38. Kd2 Ra3 39. b6 a6 40. Rc5 Rb3 41. Rc7+ Kd6 42. Rxb7 Kc6 43. Rf7 Rxb6 44. Rxf6+ Kb5 45. Rxb6+ Kxb6 46. f4 Kc5 47. g4 h4 48. Kc3 Kd5 49. Kb4 Ke4 50. f5 gxf5 51. gxf5 Kxf5 0-1

[Event "Vecindario rapid op 2nd"]
[Site "Vecindario"]
[Date "2024.11.01"]
[Round "1"]
[White "Barrera Martin, Nayra Maria"]
[Black "Hernando Rodrigo, Jose Maria"]
[Result "0-1"]
[WhiteElo "1677"]
[BlackElo "2289"]
[PlyCount "60"]
[EventDate "2024.11.01"]
[EventType "swiss"]
[EventRounds "9"]
[EventCountry "ESP"]
[SourceTitle "CB45_2024"]
[Source "ChessBase"]
[SourceDate "2024.11.06"]
[SourceVersion "1"]
[SourceVersionDate "2024.11.06"]
[SourceQuality "1"]

1. e4 d5 2. exd5 Qxd5 3. c4 Qe4+ 4. Qe2 Qxe2+ 5. Bxe2 e5 6. Nf3 Nc6 7. 0-0 Bf5 8. a3 a5 9. Nc3 0-0-0 10. Re1 f6 11. Bf1 g5 12. Nd5 e4 13. Be2 exf3 14. Bxf3 Nd4 15. Bd1 c6 16. Ne3 Bg6 17. b4 axb4 18. axb4 Bxb4 19. Ra4 Bc5 20. Bb2 Nh6 21. Ng4 Nxg4 22. Bxg4+ f5 23. Bd1 Rhe8 24. Rf1 Kc7 25. Bc3 Ne2+ 26. Bxe2 Rxe2 27. Raa1 g4 28. g3 h5 29. Rad1 Rd3 30. Rde1 Bxf2+ 0-1

[Event "Vecindario Montalvo Memorial 16th"]
[Site "Vecindario"]
[Date "2024.03.28"]
[Round "6"]
[White "Arnaiz Yanes, Miguel Angel"]
[Black "Barrera Martin, Nayra Maria"]
[Result "1-0"]
[WhiteElo "1947"]
[BlackElo "1728"]
[PlyCount "133"]
[EventDate "2024.03.23"]
[EventType "swiss"]
[EventRounds "9"]
[EventCountry "ESP"]
[SourceTitle "CBM 219 Extra"]
[Source "ChessBase"]
[SourceDate "2024.05.31"]
[SourceVersion "1"]
[SourceVersionDate "2024.05.31"]
[SourceQuality "1"]

1. d4 d5 2. Nf3 c5 3. c3 cxd4 4. cxd4 Nf6 5. e3 g6 6. Bd3 Bg7 7. 0-0 Nc6 8. a3 0-0 9. Nbd2 Re8 10. b4 a6 11. Bb2 Bf5 12. Nb3 Ne4 13. Bxe4 dxe4 14. Nfd2 e5 15. Nc4 exd4 16. Nxd4 Nxd4 17. Bxd4 Qg5 18. f4 exf3 19. Qxf3 Bxd4 20. exd4 Re7 21. Qf4 Qh5 22. Ne5 f6 23. Nf3 Kg7 24. Rac1 Rae8 25. Rc7 Bd7 26. Qd6 Qb5 27. h3 Rf7 28. d5 Bf5 29. Nd4 Qd3 30. Nxf5+ gxf5 31. Rf3 Qd4+ 32. Kh2 Rxc7 33. Qxc7+ Kf8 34. Qd6+ Kf7 35. Rxf5 Re7 36. Qc5 Qe4 37. Qf2 Ke8 38. d6 Rd7 39. Qc5 Qe6 40. Rd5 Kf7 41. Qd4 Qe2 42. Rc5 Qe6 43. Rc7 Ke8 44. Rc8+ Kf7 45. Rc7 Ke8 46. Qc5 Qe5+ 47. Qxe5+ fxe5 48. Rc5 Rxd6 49. Rxe5+ Kf7 50. Re3 Rd7 51. g4 Kg7 52. Kg3 Rf7 53. Rc3 Kg6 54. h4 Kg7 55. a4 h6 56. Rc4 Kh7 57. Rd4 Kg7 58. g5 hxg5 59. hxg5 Kg6 60. Kg4 Kg7 61. Rd6 Re7 62. Kh5 Kh7 63. b5 axb5 64. axb5 Rc7 65. b6 Re7 66. Rd4 Kg7 67. Rc4 1-0

[Event "Canarias-ch (Women)"]
[Site "Vecindario"]
[Date "2023.04.29"]
[Round "4.2"]
[White "Garcia Rodriguez, Adriana"]
[Black "Barrera Martin, Nayra Maria"]
[Result "1-0"]
[WhiteElo "1541"]
[BlackElo "1486"]
[PlyCount "71"]
[EventDate "2023.04.27"]
[EventType "swiss"]
[EventRounds "6"]
[EventCountry "ESP"]
[SourceTitle "CBM 214 Extra"]
[Source "ChessBase"]
[SourceDate "2023.07.31"]
[SourceVersion "1"]
[SourceVersionDate "2023.07.31"]
[SourceQuality "1"]

1. e4 c6 2. d4 d5 3. exd5 Qxd5 4. c4 Qd6 5. Nc3 Nf6 6. Nf3 Bf5 7. g3 Nbd7 8. Bg2 e6 9. a3 Qc7 10. Nh4 Bg4 11. Qb3 Rb8 12. c5 Qc8 13. Bf4 Ra8 14. 0-0 Be7 15. h3 Bh5 16. g4 Bg6 17. Nxg6 hxg6 18. Rfe1 Nd5 19. Nxd5 cxd5 20. Bxd5 exd5 21. Bd6 Nf6 22. Bxe7 Ne4 23. Qxd5 f5 24. Bd6 Rxh3 25. Kg2 Rh4 26. Qe5+ Kf7 27. Qe7+ Kg8 28. Qxh4 Qc6 29. Kg1 Nd2 30. Qh1 Nf3+ 31. Kf1 fxg4 32. Re3 Qb5+ 33. Kg2 Qxb2 34. Qb1 Qxd4 35. Qb3+ Kh8 36. Rh1+ 1-0

[Event "Canarias-ch (Women)"]
[Site "Brena Baja"]
[Date "2022.06.03"]
[Round "5"]
[White "Bangiev, Katharina"]
[Black "Barrera Martin, Nayra Maria"]
[Result "1-0"]
[WhiteElo "1441"]
[BlackElo "1565"]
[PlyCount "90"]
[EventDate "2022.06.01"]
[EventType "swiss"]
[EventRounds "6"]
[EventCountry "ESP"]
[SourceTitle "CBM 208 Extra"]
[Source "ChessBase"]
[SourceDate "2022.07.31"]
[SourceVersion "1"]
[SourceVersionDate "2022.07.31"]
[SourceQuality "1"]

1. e4 c6 2. d4 g6 3. Nc3 Bg7 4. Nf3 d5 5. e5 e6 6. Be3 Ne7 7. Bd3 Qc7 8. 0-0 Nd7 9. Ne2 c5 10. c3 cxd4 11. cxd4 a6 12. Rc1 Qd8 13. Qd2 0-0 14. h3 b5 15. Bh6 Bb7 16. Nh2 Rc8 17. Ng4 Re8 18. Bxg7 Kxg7 19. Qh6+ Kh8 20. Nf6 Nf8 21. Nxe8 Qxe8 22. Rxc8 Bxc8 23. Rc1 Ng8 24. Qd2 Kg7 25. g4 h6 26. f4 Bd7 27. Ng3 Qe7 28. f5 exf5 29. gxf5 Qh4 30. Qf2 Qxh3 31. fxg6 Nxg6 32. Bxg6 fxg6 33. Rc7 Kh8 34. Qg2 Qe6 35. Ne2 g5 36. Ng3 b4 37. Rc5 Ne7 38. Qf3 Kg7 39. Nh5+ Kg6 40. Nf6 Bc6 41. Qh5+ Kg7 42. Qf3 Kg6 43. Qd3+ Nf5 44. Qh3 Bb7 45. Rc7 Nxd4 1-0

[Event "Lanzarote-chT"]
[Site "Arrecife de Lanzarote"]
[Date "2021.07.11"]
[Round "6.1"]
[White "Barrera Martin, Nayra Maria"]
[Black "Betancort Gonzalez, Esteban Dimitri"]
[Result "1-0"]
[WhiteElo "1546"]
[BlackElo "1420"]
[PlyCount "95"]
[EventDate "2021.07.03"]
[EventType "team-tourn"]
[EventRounds "6"]
[EventCountry "ESP"]
[SourceTitle "EXT 2022"]
[Source "ChessBase"]
[SourceDate "2021.10.06"]
[SourceVersion "1"]
[SourceVersionDate "2021.10.06"]
[SourceQuality "1"]
[WhiteTeam "Tablero de Guanapay"]
[BlackTeam "Lanzarote CIAL"]
[WhiteTeamCountry "ESP"]
[BlackTeamCountry "ESP"]

1. c4 Nf6 2. d4 e6 3. Nc3 Bb4 4. Qc2 d5 5. Bg5 h6 6. Bh4 dxc4 7. e3 b6 8. Qa4+ Nbd7 9. Qxb4 Bb7 10. Qxc4 0-0 11. f3 Qc8 12. Bg3 c5 13. Nge2 Rd8 14. Rd1 Nd5 15. Qd3 Ba6 16. Qd2 Nb4 17. Nc1 Nf6 18. Bxa6 Qxa6 19. Qe2 Qc8 20. 0-0 cxd4 21. Rxd4 Qc5 22. Nb3 Qe7 23. Rfd1 Nbd5 24. Nxd5 Rxd5 25. Qd2 Rad8 26. Qc2 R8d7 27. Bh4 g5 28. Bf2 Rc7 29. Qd2 Rcd7 30. Rc1 Ne8 31. Qe2 Ng7 32. Rc8+ Rd8 33. Rxd8+ Qxd8 34. e4 Rxd4 35. Nxd4 Qc7 36. g3 Nh5 37. Qc2 Qd7 38. b4 e5 39. Nf5 Nf6 40. Nxh6+ Kh7 41. Nf5 Qb7 42. b5 Qd7 43. Qc6 Qe6 44. Qxe6 fxe6 45. Nd6 Kg7 46. Nc8 Ne8 47. Nxa7 Nc7 48. Bxb6 1-0

[Event "Lanzarote op"]
[Site "Lanzarote"]
[Date "2019.06.30"]
[Round "9"]
[White "Navio Lopez, Manuel Alberto"]
[Black "Barrera Martin, Nayra Maria"]
[Result "1-0"]
[WhiteElo "1943"]
[BlackElo "1587"]
[PlyCount "65"]
[EventDate "2019.06.24"]
[EventType "swiss"]
[EventRounds "9"]
[EventCountry "ESP"]
[SourceTitle "CBM 191 Extra"]
[Source "ChessBase"]
[SourceDate "2019.09.30"]
[SourceVersion "1"]
[SourceVersionDate "2019.09.30"]
[SourceQuality "1"]

1. Nf3 d5 2. b3 Nf6 3. Bb2 c5 4. e3 Nc6 5. Bb5 e6 6. 0-0 a6 7. Bxc6+ bxc6 8. Ne5 Qc7 9. f4 Be7 10. d3 a5 11. a4 Ba6 12. Nd2 0-0 13. g4 Nd7 14. Ndf3 f6 15. Nxd7 Qxd7 16. h4 Rab8 17. g5 Rb7 18. Rf2 c4 19. dxc4 dxc4 20. Rd2 Qc8 21. Bd4 cxb3 22. cxb3 c5 23. gxf6 Bxf6 24. Bxf6 Rxf6 25. Rd8+ Rf8 26. Rxc8 Rxc8 27. Qd6 Ra7 28. Qxe6+ Kh8 29. Ne5 h6 30. f5 Raa8 31. Nf7+ Kh7 32. Qg6+ Kg8 33. f6 1-0

[Event "Lanzarote op"]
[Site "Lanzarote"]
[Date "2019.06.29"]
[Round "8"]
[White "Barrera Martin, Nayra Maria"]
[Black "Betancort Gonzalez, Esteban Dimitri"]
[Result "1-0"]
[WhiteElo "1587"]
[BlackElo "1393"]
[PlyCount "71"]
[EventDate "2019.06.24"]
[EventType "swiss"]
[EventRounds "9"]
[EventCountry "ESP"]
[SourceTitle "CBM 191 Extra"]
[Source "ChessBase"]
[SourceDate "2019.09.30"]
[SourceVersion "1"]
[SourceVersionDate "2019.09.30"]
[SourceQuality "1"]

1. Nf3 Nf6 2. d4 e6 3. c4 d5 4. Bg5 h6 5. Bh4 Nbd7 6. Nc3 Bb4 7. a3 Bxc3+ 8. bxc3 0-0 9. e3 Qe8 10. cxd5 Nxd5 11. c4 Ne7 12. Bd3 Nb6 13. Qc2 Bd7 14. 0-0 Nbc8 15. a4 Nd6 16. Rfb1 Bc8 17. e4 Ng6 18. Bg3 Qe7 19. c5 Ne8 20. a5 Nf6 21. h3 Nh5 22. Bh2 Nhf4 23. Bf1 a6 24. c6 Ra7 25. Qc1 Nh5 26. Bd3 bxc6 27. Qxc6 Qd7 28. Qc5 c6 29. Rb6 Ne7 30. Ne5 Qe8 31. Nxc6 Rc7 32. Nxe7+ Qxe7 33. Qxe7 Rxe7 34. Bd6 Ra7 35. Bxf8 Kxf8 36. Rb8 1-0

[Event "Canarias-ch (Women)"]
[Site "Santa Cruz de Tenerife"]
[Date "2018.05.12"]
[Round "4"]
[White "Sanjuan Morigosa, Isaura"]
[Black "Barrera Martin, Nayra Maria"]
[Result "0-1"]
[WhiteElo "1833"]
[BlackElo "1619"]
[PlyCount "72"]
[EventDate "2018.05.10"]
[EventType "swiss"]
[EventRounds "6"]
[EventCountry "ESP"]
[SourceTitle "EXT 2020"]
[Source "ChessBase"]
[SourceDate "2019.10.17"]
[SourceVersion "1"]
[SourceVersionDate "2019.10.17"]
[SourceQuality "1"]

1. d4 d5 2. c4 c6 3. e3 Nf6 4. Nc3 Bf5 5. Nf3 e6 6. Be2 h6 7. 0-0 Nbd7 8. Nd2 Bd6 9. c5 Bb8 10. f4 Qc7 11. Nf3 b6 12. cxb6 axb6 13. Bd2 c5 14. Rc1 Qb7 15. a4 0-0 16. Bb5 Rc8 17. dxc5 bxc5 18. Ne2 Qb6 19. Ned4 Be4 20. a5 Qb7 21. a6 Qb6 22. Qa4 Qd6 23. Ba5 Nb6 24. Bxb6 Qxb6 25. Nc6 Bd6 26. Nfe5 c4 27. Rc3 Bc5 28. Kh1 Rc7 29. Re1 Nd7 30. Ne7+ Bxe7 31. Nxd7 Rxd7 32. Bxd7 Rxa6 33. Qb5 Bb4 34. Rcc1 Bxe1 35. Rxe1 Qxb5 36. Bxb5 Rb6 0-1

[Event "Las Palmas Montalvo Memorial 11th"]
[Site "Las Palmas"]
[Date "2018.03.26"]
[Round "4"]
[White "Barrera Martin, Nayra Maria"]
[Black "Sosa Suarez, Carla Cristina"]
[Result "1/2-1/2"]
[WhiteElo "1608"]
[BlackElo "2011"]
[PlyCount "170"]
[EventDate "2018.03.24"]
[EventType "swiss"]
[EventRounds "9"]
[EventCountry "ESP"]
[SourceTitle "CBM 183 Extra"]
[Source "ChessBase"]
[SourceDate "2018.04.19"]
[SourceVersion "1"]
[SourceVersionDate "2018.04.19"]
[SourceQuality "1"]

1. e4 e6 2. d4 d5 3. Bd3 c5 4. exd5 exd5 5. dxc5 Bxc5 6. Nf3 Nf6 7. Bf4 0-0 8. 0-0 Nc6 9. Nc3 a6 10. Bg5 Be6 11. Re1 b5 12. a3 Qb6 13. Qd2 Nd7 14. Bh4 h6 15. Qf4 Qb8 16. Qxb8 Rfxb8 17. Bg3 Rd8 18. Ne2 g5 19. Rad1 Re8 20. Nc1 Ba7 21. Nb3 Rac8 22. h4 g4 23. Nh2 Nf6 24. Nf1 Ne7 25. Ne3 Ne4 26. Bf4 Ng6 27. Bg3 f5 28. Bxe4 dxe4 29. h5 Bxb3 30. cxb3 Bxe3 31. fxe3 Nf8 32. Rd5 Rc2 33. Rxf5 Rxb2 34. Rf4 Rxb3 35. Rxg4+ Kh8 36. Rf1 Rxe3 37. Rf7 Rd3 38. Bh4 Nd7 39. Rgg7 e3 40. Rh7+ Kg8 41. Rfg7+ Kf8 42. Be7+ Rxe7 43. Rxe7 Nb8 44. Rb7 Kg8 45. Rhc7 Rd1+ 46. Kh2 Rd8 47. Re7 Nc6 48. Rxe3 Nd4 49. Rg3+ Kf8 50. Rgg7 Rd5 51. Rgc7 Rxh5+ 52. Kg1 Re5 53. Rh7 Kg8 54. Rxh6 a5 55. Kh2 b4 56. axb4 axb4 57. Rxb4 Kg7 58. Rh3 Ne6 59. Rb7+ Kg6 60. Rb6 Kg5 61. Rb8 Kf6 62. Rb6 Kg5 63. Rf3 Nf4 64. Rb8 Ng6 65. Rg8 Re6 66. Kh3 Kh6 67. g4 Kh7 68. Rd8 Re7 69. Rfd3 Nf4+ 70. Kg3 Nxd3 71. Rxd3 Re6 72. Rf3 Kg6 73. Kh4 Ra6 74. Rc3 Rb6 75. Rc5 Ra6 76. Rg5+ Kh6 77. Rg8 Kh7 78. Rf8 Kg6 79. Kg3 Ra3+ 80. Rf3 Ra6 81. Re3 Rb6 82. Kf4 Rb4+ 83. Re4 Rb6 84. g5 Ra6 85. Rb4 Rc6 1/2-1/2